000 00823nam0a22002531 4500
001 rc\348781
005 20250621033303.0
035 _a(NLR Aleph) 005550706
090 _a5807493
_c5807493
100 _a20030307d1990 |||y0rusy50 ca
101 0 _arus
102 _aRU
105 _ay |||||||||
200 1 _aНаучные основы профилактики туберкулеза
210 _aНовосибирск
_cИТФ
_d1990
215 _a77 с.
_d20
225 1 _aПрепринт
_fАН СССР, Сиб. отд-ние, Ин-т теплофизики
_v№ 245-90
320 _aБиблиогр.: с. 76 (11 назв.)
700 1 _aУрсов
_bИ.Г.
_gИгорь Григорьевич
801 0 _aRU
_bNLR
_gpsbo
801 1 _aRU
_bELAR
_2rusmarc
852 _aNLR
_j90-4/17382
942 _cBOOK
980 _aNB